[Event "OSEM 2019"]
[Site "Oberviechtach"]
[Date "2019.04.14"]
[Round "3.1"]
[White "Brüll, Martin"]
[Black "Hadzhimustafa, Erkan"]
[Result "1-0"]
[WhiteElo "1782"]
[BlackElo "1879"]
[PlyCount "49"]
[EventDate "2019.??.??"]
[WhiteTeam "SC Bavaria Regensburg von 1881"]
[BlackTeam "SC Bavaria Regensburg von 1881"]

1. e4 c5 2. Nf3 Nc6 3. d4 cxd4 4. Nxd4 Nf6 5. Nc3 e5 6. Ndb5 d6 7. Bg5 a6 8.
Na3 b5 9. Bxf6 gxf6 10. Nd5 Be7 11. c3 Ra7 12. Nc2 f5 13. exf5 Bxf5 14. Nce3
Bg6 15. Bd3 O-O 16. Nf5 Bf6 17. Qf3 Bg7 18. h4 Qd7 19. h5 e4 20. Bxe4 Ne5 21.
Qg3 Qe6 22. Nxg7 Nd3+ 23. Kd2 Kxg7 24. hxg6 Qxe4 25. Rxh7+ 1-0

[Event "OSEM 2019"]
[Site "Oberviechtach"]
[Date "2019.04.14"]
[Round "3.2"]
[White "Ott, Ian"]
[Black "Pilhöfer, Lukas"]
[Result "1-0"]
[WhiteElo "1818"]
[BlackElo "1614"]
[PlyCount "41"]
[EventDate "2019.??.??"]
[WhiteTeam "SC Bavaria Regensburg von 1881"]
[BlackTeam "SC Sulzbach-Rosenberg"]

1. d4 d5 2. c4 c6 3. Nf3 Nf6 4. Nc3 Bf5 5. e3 e6 6. Bd3 Bxd3 7. Qxd3 Bd6 8. O-O
O-O 9. e4 dxe4 10. Nxe4 Nxe4 11. Qxe4 Nd7 12. Bg5 Be7 13. Bd2 Nf6 14. Qe2 h6
15. Bc3 Qc7 16. Rad1 Rad8 17. Rd2 a5 18. Rfd1 Bb4 19. Qe5 Qxe5 20. dxe5 Bxc3
21. Rxd8 1-0

[Event "OSEM 2019"]
[Site "Oberviechtach"]
[Date "2019.04.14"]
[Round "3.3"]
[White "Blodig, Martin"]
[Black "Brüll, Elias"]
[Result "1-0"]
[WhiteElo "1841"]
[BlackElo "1815"]
[PlyCount "63"]
[EventDate "2019.??.??"]
[WhiteTeam "SK Kelheim"]
[BlackTeam "SC Bavaria Regensburg von 1881"]

1. e4 c5 2. c3 g6 3. d4 cxd4 4. cxd4 d5 5. exd5 Nf6 6. Bb5+ Nbd7 7. Nc3 Bg7 8.
d6 O-O 9. dxe7 Qxe7+ 10. Nge2 a6 11. Bd3 b5 12. O-O Bb7 13. Re1 Rfe8 14. Bg5
Qd6 15. f3 b4 16. Bf4 Qe7 17. Na4 Nd5 18. Be4 Nxf4 19. Nxf4 Qd6 20. Bxb7 Rxe1+
21. Qxe1 Bxd4+ 22. Kh1 Rb8 23. Qd2 Rxb7 24. Rd1 Qc6 25. Qxd4 Qxa4 26. Qd5 Nb6
27. Qd8+ Kg7 28. Rd6 Qb5 29. Qf6+ Kh6 30. h4 Qc4 31. Qg5+ Kg7 32. Nh5+ 1-0

[Event "OSEM 2019"]
[Site "Oberviechtach"]
[Date "2019.04.14"]
[Round "3.4"]
[White "Landstorfer, Raphael"]
[Black "Stark, Martin"]
[Result "1/2-1/2"]
[WhiteElo "1863"]
[BlackElo "1817"]
[PlyCount "80"]
[EventDate "2019.??.??"]
[WhiteTeam "TSV Kareth-Lappersdorf"]
[BlackTeam "SF Luhe-Wildenau"]

1. e4 c6 2. Nc3 d5 3. Nf3 Bg4 4. h3 Bxf3 5. Qxf3 e6 6. d3 g6 7. Bd2 Bg7 8.
O-O-O Ne7 9. h4 b5 10. h5 Qa5 11. Kb1 Qb6 12. h6 Bd4 13. Be3 Nd7 14. Ne2 Bxe3
15. fxe3 dxe4 16. Qxe4 Qc5 17. Nf4 Qf5 18. Qb4 a5 19. Qc3 Qe5 20. Qxe5 Nxe5 21.
Be2 O-O 22. d4 Nd7 23. e4 b4 24. Nd3 Rfb8 25. Bf3 a4 26. Rhe1 Kf8 27. g4 Ra5
28. Kc1 Ng8 29. Rh1 Ne7 30. Rhf1 c5 31. dxc5 Nxc5 32. Nxb4 Rab5 33. a3 Rc8 34.
Rf2 Nc6 35. Be2 Rb6 36. Rdf1 Rc7 37. Nxc6 Rbxc6 38. c3 Nxe4 39. Rf3 Rd6 40. Bd3
Nc5 1/2-1/2

[Event "OSEM 2019"]
[Site "Oberviechtach"]
[Date "2019.04.14"]
[Round "3.5"]
[White "Gleis, Wolfgang"]
[Black "Achhammer, Thomas"]
[Result "1/2-1/2"]
[WhiteElo "1586"]
[BlackElo "1860"]
[PlyCount "85"]
[EventDate "2019.??.??"]
[WhiteTeam "SF Tegernheim"]
[BlackTeam "FC Mintraching"]

1. d4 Nf6 2. Nf3 d5 3. Bg5 c5 4. e3 Qb6 5. Qc1 Bg4 6. Nbd2 Nbd7 7. c3 e6 8. Bd3
Be7 9. O-O h6 10. Bf4 Bf5 11. Bxf5 exf5 12. Qc2 Ne4 13. dxc5 Ndxc5 14. Be5 O-O
15. Bd4 Qc7 16. Nb3 b6 17. Be5 Qb7 18. Nfd4 g6 19. f3 Ng5 20. h4 Nge6 21. g3 f6
22. Nxe6 Nxe6 23. Bd4 Kf7 24. h5 Rg8 25. Kf2 Bd6 26. hxg6+ Rxg6 27. f4 Ng7 28.
Rh1 h5 29. Rh4 Qe7 30. Nd2 Re8 31. Qb3 Qe6 32. Re1 Rg4 33. Rxg4 fxg4 34. Qa4
Re7 35. e4 Nf5 36. Qc6 h4 37. gxh4 Nxh4 38. Rh1 g3+ 39. Kg1 Bxf4 40. Qxe6+ Kxe6
41. exd5+ Kxd5 42. Rxh4 Bxd2 43. Bxf6 1/2-1/2

[Event "OSEM 2019"]
[Site "Oberviechtach"]
[Date "2019.04.14"]
[Round "3.6"]
[White "Riedl, Maximilian"]
[Black "Vinogradov, Anatoli"]
[Result "1/2-1/2"]
[WhiteElo "1907"]
[BlackElo "1782"]
[PlyCount "142"]
[EventDate "2019.??.??"]
[WhiteTeam "SC Furth Waldmünchen"]
[BlackTeam "DJK Amberg"]

1. d4 Nf6 2. Nf3 e6 3. Bg5 Be7 4. Nbd2 d5 5. e3 O-O 6. Bd3 c5 7. c3 Nc6 8. O-O
c4 9. Bc2 b5 10. e4 h6 11. Bh4 Nxe4 12. Bxe7 Nxe7 13. Nxe4 dxe4 14. Bxe4 Nd5
15. Ne5 Bb7 16. Qf3 Qe7 17. a3 Rab8 18. Qg3 Nf6 19. Bxb7 Qxb7 20. f3 Qd5 21.
Rae1 Nd7 22. Ng4 Kh7 23. h4 Rfe8 24. Ne3 Qc6 25. Qf4 Kg8 26. Ng4 a6 27. Ne5
Nxe5 28. Rxe5 Rbd8 29. Rfe1 Rd5 30. Qe4 Rc8 31. Rxd5 Qxd5 32. Qxd5 exd5 33. Re5
Rd8 34. Re7 Kf8 35. Ra7 Rd6 36. Kf2 g6 37. g4 g5 38. h5 Kg7 39. Re7 Kf8 40. Ra7
Kg8 41. f4 f6 42. f5 Kh8 43. Rb7 Kg8 44. Ke3 Kh8 45. Kd2 Kg8 46. Kc2 Rd8 47.
Re7 Rd6 48. Kb1 Kh8 49. Ka2 Kg8 50. a4 bxa4 51. Rb7 Rd8 52. Rb6 Kf7 53. Rxa6
Re8 54. Rd6 Re4 55. Rxd5 Rxg4 56. Rc5 Rf4 57. Rc7+ Ke8 58. Rh7 Rxf5 59. Rxh6 g4
60. Rg6 Rxh5 61. Rxg4 Ke7 62. Ka3 Rb5 63. Rg2 Rb3+ 64. Kxa4 Ke6 65. Re2+ Kd6
66. Ka5 Kd7 67. Rh2 Ke6 68. Re2+ Kd7 69. Ka4 Kd6 70. Ka5 Kd7 71. Ka6 Kd6
1/2-1/2

[Event "OSEM 2019"]
[Site "Oberviechtach"]
[Date "2019.04.14"]
[Round "3.7"]
[White "Heipeck, Jan"]
[Black "Nöckler, Alexander"]
[Result "0-1"]
[WhiteElo "1495"]
[BlackElo "1891"]
[PlyCount "74"]
[EventDate "2019.??.??"]
[WhiteTeam "FC Mintraching"]
[BlackTeam "SK Weiden"]

1. e4 c5 2. Nc3 a6 3. Nf3 d6 4. d4 cxd4 5. Nxd4 Nf6 6. g3 e5 7. Nde2 Be7 8. Bg2
Be6 9. O-O b5 10. a3 Nbd7 11. Be3 Nb6 12. b3 O-O 13. Kh1 Qc7 14. f4 Rfd8 15.
Qd3 Rac8 16. Rad1 Bg4 17. h3 Bxe2 18. Qxe2 Nbd7 19. Rd3 Nc5 20. Bxc5 Qxc5 21.
g4 exf4 22. Rxf4 Qxa3 23. g5 Nd7 24. Nd5 Bxg5 25. Rf5 Bf6 26. Rg3 Qa1+ 27. Rf1
Qb2 28. Qh5 g6 29. e5 Qxe5 30. Qf3 Kg7 31. h4 Rf8 32. Bh3 Bxh4 33. Bxd7 Qxg3
34. Qe4 Rc5 35. Nf4 Bg5 36. Nh5+ gxh5 37. Rg1 Qe5 0-1

[Event "OSEM 2019"]
[Site "Oberviechtach"]
[Date "2019.04.14"]
[Round "3.8"]
[White "Sanner, Christoph"]
[Black "Fröhlich, Manuel"]
[Result "1/2-1/2"]
[WhiteElo "1860"]
[BlackElo "1652"]
[PlyCount "66"]
[EventDate "2019.??.??"]
[WhiteTeam "SK Weiden"]
[BlackTeam "SV OVI"]

1. f4 c5 2. Nf3 d5 3. g3 Nf6 4. Bg2 Nc6 5. d3 Qc7 6. Nc3 a6 7. e4 dxe4 8. dxe4
Bg4 9. Be3 e6 10. h3 Rd8 11. Qe2 Nd4 12. Qf2 Bxf3 13. Bxf3 Be7 14. O-O Nxf3+
15. Qxf3 Qc6 16. Kg2 O-O 17. Rfd1 b5 18. e5 Qxf3+ 19. Kxf3 Nd5 20. Ne4 Nxe3 21.
Kxe3 Rd5 22. c4 bxc4 23. Nc3 Rdd8 24. Rac1 f6 25. exf6 Bxf6 26. Na4 Rd5 27.
Rxd5 exd5 28. Nxc5 Re8+ 29. Kf3 Bxb2 30. Rc2 c3 31. Na4 Ba1 32. Rc1 Bb2 33. Rc2
Ba1 1/2-1/2

[Event "OSEM 2019"]
[Site "Oberviechtach"]
[Date "2019.04.14"]
[Round "3.9"]
[White "Askri, Samir"]
[Black "Wiesgickl, Gerhard"]
[Result "1/2-1/2"]
[WhiteElo "1712"]
[BlackElo "1919"]
[PlyCount "42"]
[EventDate "2019.??.??"]
[WhiteTeam "DJK Amberg"]
[BlackTeam "DJK Amberg"]

1. d4 c5 2. d5 Nf6 3. c4 d6 4. Nc3 g6 5. e4 e5 6. g3 Bg7 7. Bg2 O-O 8. Nf3 a6
9. Qe2 b5 10. cxb5 axb5 11. Qxb5 Ba6 12. Qb3 Nbd7 13. Nd2 c4 14. Qd1 Nc5 15.
O-O Nfd7 16. Nf3 Nd3 17. Be3 Nxb2 18. Qd2 Nd3 19. Bh6 N7c5 20. Bxg7 Kxg7 21.
Rab1 Qa5 1/2-1/2

[Event "OSEM 2019"]
[Site "Oberviechtach"]
[Date "2019.04.14"]
[Round "3.10"]
[White "Gold, Florian"]
[Black "Forster, Stefan"]
[Result "1-0"]
[WhiteElo "1710"]
[BlackElo "1665"]
[PlyCount "103"]
[EventDate "2019.??.??"]
[WhiteTeam "SK Kelheim"]
[BlackTeam "ASV Burglengenfeld"]

1. e4 e6 2. d4 d5 3. Nd2 c5 4. exd5 exd5 5. Ngf3 a6 6. Nb3 c4 7. Nbd2 Nf6 8.
Be2 Bd6 9. O-O Nc6 10. Re1 O-O 11. Nf1 Qc7 12. Bg5 Ne4 13. c3 Nxg5 14. Nxg5 h6
15. Nf3 Bf5 16. Ng3 Bxg3 17. hxg3 Rfe8 18. Nd2 Re7 19. Nf1 Rae8 20. Ne3 Be4 21.
Bf3 Qd7 22. Kf1 b5 23. Bxe4 Rxe4 24. Qh5 Ne7 25. Nc2 Nf5 26. g4 g6 27. Qh3
Rxe1+ 28. Rxe1 Rxe1+ 29. Nxe1 Nd6 30. Qxh6 Qxg4 31. Qe3 Qd1 32. f3 Nf5 33. Qe8+
Kg7 34. g4 Nh6 35. Qe5+ f6 36. Qxd5 Qd2 37. Qb7+ Nf7 38. Qxa6 Ng5 39. Qxb5 Nh3
40. Qd7+ Kh6 41. g5+ Nxg5 42. Qc8 Qxb2 43. f4 Qxc3 44. fxg5+ Kxg5 45. Qc5+ Kg4
46. Qd5 Kf4 47. a4 Qh3+ 48. Qg2 Qxg2+ 49. Kxg2 Ke4 50. a5 Kd5 51. a6 Kc6 52.
d5+ 1-0

[Event "OSEM 2019"]
[Site "Oberviechtach"]
[Date "2019.04.14"]
[Round "3.11"]
[White "Stöckl, Maximilian"]
[Black "Adlhoch, Walter"]
[Result "1/2-1/2"]
[WhiteElo "1738"]
[BlackElo "1534"]
[PlyCount "51"]
[EventDate "2019.??.??"]
[WhiteTeam "SK Schwandorf"]
[BlackTeam "SK Schwandorf"]

1. d4 Nf6 2. c4 e6 3. Nf3 d5 4. Nc3 Be7 5. Bg5 O-O 6. e3 Nbd7 7. cxd5 exd5 8.
Bd3 h6 9. Bh4 c6 10. Qc2 Re8 11. O-O Ne4 12. Bxe7 Qxe7 13. Rfe1 Ndf6 14. Nd2
Nxd2 15. Qxd2 Ne4 16. Qc2 Bd7 17. f3 Nf6 18. Na4 b6 19. e4 dxe4 20. fxe4 Qb4
21. Nc3 Qxd4+ 22. Kh1 Ng4 23. Nd1 c5 24. Qe2 Ne5 25. Nf2 Rad8 26. Rad1 1/2-1/2

[Event "OSEM 2019"]
[Site "Oberviechtach"]
[Date "2019.04.14"]
[Round "3.12"]
[White "Achhammer, Michael"]
[Black "Moroz, Grigorij"]
[Result "0-1"]
[WhiteElo "1580"]
[BlackElo "1924"]
[PlyCount "56"]
[EventDate "2019.??.??"]
[WhiteTeam "FC Mintraching"]
[BlackTeam "SK Weiden"]

1. e4 d6 2. d4 Nf6 3. Nc3 g6 4. f4 Bg7 5. Nf3 c5 6. dxc5 Qa5 7. Bd3 Qxc5 8. Qe2
O-O 9. Be3 Qa5 10. O-O Bg4 11. h3 Bxf3 12. Qxf3 Nc6 13. a3 Nd7 14. b4 Qd8 15.
Bd2 Rc8 16. Rab1 Nxb4 17. Rxb4 Bxc3 18. Bxc3 Rxc3 19. Rxb7 Rxa3 20. Rfb1 Nc5
21. R7b2 Qa5 22. Qe2 Na4 23. Rb8 Nc3 24. Rxf8+ Kxf8 25. Rb8+ Kg7 26. Qg4 Qc5+
27. Kh2 Ra1 28. f5 Qe5+ 0-1

[Event "OSEM 2019"]
[Site "Oberviechtach"]
[Date "2019.04.14"]
[Round "3.13"]
[White "Horther-Schneider, Elsbeth"]
[Black "Bauer, Peter"]
[Result "1/2-1/2"]
[WhiteElo "1851"]
[BlackElo "1595"]
[PlyCount "85"]
[EventDate "2019.??.??"]
[WhiteTeam "SC Windischeschenbach"]
[BlackTeam "SV OVI"]

1. e4 e6 2. d4 d5 3. e5 c5 4. c3 Bd7 5. Nf3 Qb6 6. Bd3 Bb5 7. O-O Bxd3 8. Qxd3
Nc6 9. dxc5 Bxc5 10. Nbd2 Qc7 11. Nb3 Bb6 12. Re1 Nge7 13. Nbd4 a6 14. Bf4 h6
15. Rac1 Ng6 16. Nxe6 fxe6 17. Qxg6+ Qf7 18. Qxf7+ Kxf7 19. Be3 Bxe3 20. Rxe3
Na5 21. b3 Rac8 22. Nd4 Nc6 23. Nxc6 Rxc6 24. Rf3+ Ke7 25. Rf4 Rhc8 26. Rf3 Rc5
27. Rg3 Kf7 28. f4 b5 29. a3 d4 30. Kf2 dxc3 31. Ke2 a5 32. Rd3 Ke7 33. Rd4
R8c7 34. Kd3 c2 35. Kd2 Rc3 36. Rd3 R3c6 37. g4 g6 38. Rh3 Rd7+ 39. Ke2 Rd4 40.
Rf3 Rd5 41. Rd3 Rdc5 42. Kd2 g5 43. fxg5 1/2-1/2

[Event "OSEM 2019"]
[Site "Oberviechtach"]
[Date "2019.04.14"]
[Round "3.14"]
[White "Karner, Carl-Philipp"]
[Black "Jobst, Thomas"]
[Result "0-1"]
[WhiteElo "1505"]
[BlackElo "1862"]
[PlyCount "36"]
[EventDate "2019.??.??"]
[WhiteTeam "ASV Burglengenfeld"]
[BlackTeam "SC Bavaria Regensburg von 1881"]

1. d4 Nf6 2. c4 g6 3. Nc3 d5 4. Bf4 Bg7 5. Nf3 O-O 6. h3 c5 7. e3 Qa5 8. Qc2
Nc6 9. Be2 Be6 10. O-O dxc4 11. dxc5 Qxc5 12. Rfd1 Rfd8 13. Nd2 b5 14. a4 Bf5
15. Nde4 Nxe4 16. Nxe4 Bxe4 17. Qxe4 Bxb2 18. Rab1 c3 0-1

[Event "OSEM 2019"]
[Site "Oberviechtach"]
[Date "2019.04.14"]
[Round "3.15"]
[White "Baumüller, Steffen"]
[Black "Kaltschmidt, Andreas"]
[Result "1-0"]
[WhiteElo "1690"]
[BlackElo "1670"]
[PlyCount "81"]
[EventDate "2019.??.??"]
[WhiteTeam "DJK Amberg"]
[BlackTeam "SK Weiden"]

1. e4 e5 2. Bc4 Nf6 3. d3 Nc6 4. Nf3 Be7 5. O-O d6 6. c3 O-O 7. Bb3 Bg4 8. h3
Bh5 9. Re1 Qd7 10. Nbd2 b5 11. Nf1 a5 12. a4 b4 13. Ng3 Bg6 14. d4 exd4 15.
cxd4 Nh5 16. d5 Nxg3 17. dxc6 Qxc6 18. Bd5 Qb6 19. Be3 c5 20. fxg3 Rac8 21. Nh4
Bf6 22. Nxg6 hxg6 23. Rb1 Qc7 24. b3 Rfe8 25. Rf1 Re7 26. Rf3 Rf8 27. g4 Kh7
28. g5 Be5 29. Qe1 Qd7 30. Qh4+ Kg8 31. Rbf1 Qc8 32. Qf2 Qd7 33. h4 Qc7 34. h5
gxh5 35. g6 Bf6 36. gxf7+ Rexf7 37. Bxf7+ Rxf7 38. Qg3 Qe7 39. Qg6 Qe5 40. Kh1
Rc7 41. Rxf6 1-0

[Event "OSEM 2019"]
[Site "Oberviechtach"]
[Date "2019.04.14"]
[Round "3.16"]
[White "Baumer, Johannes"]
[Black "Preischl, Manfred"]
[Result "1/2-1/2"]
[WhiteElo "1734"]
[BlackElo "1489"]
[PlyCount "101"]
[EventDate "2019.??.??"]
[WhiteTeam "SV OVI"]
[BlackTeam "TSV Nittenau"]

1. d4 d5 2. e3 Nf6 3. Bd3 c5 4. c3 Bg4 5. Nf3 e6 6. Qa4+ Nbd7 7. Ne5 Bd6 8.
Nxg4 Nxg4 9. dxc5 Nxf2 10. Kxf2 Bxc5 11. Qg4 O-O 12. b4 Bb6 13. Rf1 f5 14. Qe2
f4 15. Kg1 Qh4 16. Kh1 fxe3 17. Rxf8+ Rxf8 18. Bxe3 Bc7 19. g3 Bxg3 20. Qg2 Be5
21. Nd2 Bxc3 22. Nf3 Rxf3 23. Qxf3 Bxa1 24. Bxa7 Ne5 25. Qe2 Nxd3 26. Qxe6+ Kf8
27. Qf5+ Bf6 28. Qxd3 Qe4+ 29. Qxe4 dxe4 30. a4 Ke7 31. Bc5+ Ke6 32. a5 Kd5 33.
Kg2 g5 34. Kf2 g4 35. Kg3 Be5+ 36. Kxg4 Bxh2 37. Be3 Kc4 38. Bc5 Bc7 39. Be7
Kd3 40. Bh4 Ke2 41. Bf6 Kd3 42. Bh4 Ke2 43. Bf6 e3 44. Bc3 Kf2 45. b5 e2 46. a6
bxa6 47. bxa6 Bb6 48. Kh5 Be3 49. Bb4 e1=Q 50. Bxe1+ Kxe1 51. a7 1/2-1/2

[Event "OSEM 2019"]
[Site "Oberviechtach"]
[Date "2019.04.14"]
[Round "3.17"]
[White "Isert, Fabian"]
[Black "Wetzler, Sophia"]
[Result "1/2-1/2"]
[WhiteElo "1935"]
[BlackElo "1682"]
[PlyCount "103"]
[EventDate "2019.??.??"]
[WhiteTeam "SC Bavaria Regensburg von 1881"]
[BlackTeam "SC Bavaria Regensburg von 1881"]

1. c4 Nf6 2. Nf3 e6 3. g3 d5 4. Bg2 Be7 5. O-O O-O 6. d4 c5 7. cxd5 Nxd5 8. Nc3
Nc6 9. e3 f6 10. Nxd5 exd5 11. dxc5 Bxc5 12. Qc2 Bb6 13. Rd1 Be6 14. a3 Rc8 15.
Qd3 Qd7 16. b4 Rfd8 17. Bb2 Bf5 18. Qb3 Qf7 19. Nd4 Nxd4 20. Bxd4 Bc2 21. Qb2
Bxd1 22. Rxd1 Kf8 23. Bxb6 axb6 24. Qd4 Qh5 25. g4 Qg5 26. h3 h5 27. Qxb6 hxg4
28. Qe6 gxh3 29. Qxh3 Ke7 30. Qf3 Rc3 31. Qe2 Rxa3 32. Qb5 Rd7 33. Kf1 Qg4 34.
Rc1 Qe6 35. Qc5+ Qd6 36. Qd4 Qa6+ 37. Kg1 Rd3 38. Qg4 Qe6 39. Qxg7+ Kd6 40.
Qf8+ Qe7 41. Qb8+ Rc7 42. b5 Rxe3 43. b6 Re1+ 44. Rxe1 Qxe1+ 45. Bf1 Qc3 46.
bxc7 Qxc7 47. Qf8+ Ke5 48. f4+ Kxf4 49. Qxf6+ Ke4 50. Bg2+ Kd3 51. Qf5+ Ke3 52.
Qf3+ 1/2-1/2

[Event "OSEM 2019"]
[Site "Oberviechtach"]
[Date "2019.04.14"]
[Round "4.1"]
[White "Blodig, Martin"]
[Black "Ott, Ian"]
[Result "1/2-1/2"]
[WhiteElo "1841"]
[BlackElo "1818"]
[PlyCount "105"]
[EventDate "2019.??.??"]
[WhiteTeam "SK Kelheim"]
[BlackTeam "SC Bavaria Regensburg von 1881"]

1. e4 c5 2. c3 d5 3. exd5 Qxd5 4. d4 Nc6 5. Nf3 Bg4 6. Be2 cxd4 7. cxd4 e6 8.
O-O Nf6 9. Nc3 Qd7 10. Bf4 Bxf3 11. Bxf3 Nxd4 12. Bxb7 Rd8 13. Ba6 Be7 14. Qd3
O-O 15. Rad1 Qc6 16. Qc4 Qxc4 17. Bxc4 Rd7 18. Rd3 Rc8 19. Ba6 Rc6 20. Rfd1
Rxa6 21. Rxd4 Rxd4 22. Rxd4 Nd5 23. Nxd5 exd5 24. a3 Rb6 25. b4 a5 26. g3 axb4
27. axb4 Rb5 28. Bd2 f5 29. f4 Kf7 30. Kf2 Ke6 31. Ke2 Bf6 32. Rd3 Be7 33. Rb3
Rb6 34. Kd3 Bf6 35. b5 h6 36. Be3 Rb7 37. Bc5 g5 38. b6 h5 39. Ra3 Kd7 40. Ra7
Kc6 41. Rxb7 Kxb7 42. fxg5 Bxg5 43. Kd4 f4 44. Kxd5 fxg3 45. hxg3 h4 46. g4 h3
47. Bg1 Bf4 48. Ke4 h2 49. Bxh2 Bxh2 50. g5 Bd6 51. Kf5 Ba3 52. g6 Bb2 53. Ke6
1/2-1/2

[Event "OSEM 2019"]
[Site "Oberviechtach"]
[Date "2019.04.14"]
[Round "4.3"]
[White "Hadzhimustafa, Erkan"]
[Black "Landstorfer, Raphael"]
[Result "0-1"]
[WhiteElo "1879"]
[BlackElo "1863"]
[PlyCount "32"]
[EventDate "2019.??.??"]
[WhiteTeam "SC Bavaria Regensburg von 1881"]
[BlackTeam "TSV Kareth-Lappersdorf"]

1. e4 e6 2. Nf3 d5 3. exd5 exd5 4. d4 Bd6 5. Bd3 Ne7 6. Be3 Nbc6 7. O-O Bg4 8.
h3 Bh5 9. c3 Qd7 10. Nbd2 O-O-O 11. b4 Rde8 12. Qc2 f5 13. Bg5 Rhf8 14. Nh4 h6
15. b5 hxg5 16. bxc6 bxc6 0-1

[Event "OSEM 2019"]
[Site "Oberviechtach"]
[Date "2019.04.14"]
[Round "4.4"]
[White "Nöckler, Alexander"]
[Black "Gleis, Wolfgang"]
[Result "1/2-1/2"]
[WhiteElo "1891"]
[BlackElo "1586"]
[PlyCount "137"]
[EventDate "2019.??.??"]
[WhiteTeam "SK Weiden"]
[BlackTeam "SF Tegernheim"]

1. c4 Nf6 2. Nc3 d6 3. d4 g6 4. Nf3 Bg7 5. g3 O-O 6. Bg2 Nc6 7. O-O Bd7 8. d5
Ne5 9. Nxe5 dxe5 10. h3 Rb8 11. Qd3 Qc8 12. Kh2 c6 13. e4 Nh5 14. Bd2 f5 15. f3
f4 16. g4 Ng3 17. Rfd1 h5 18. Ne2 hxg4 19. hxg4 Nxe2 20. Qxe2 Bf6 21. Be1 Rf7
22. Bf2 Qf8 23. Rh1 Rh7+ 24. Bh3 Kf7 25. Kg2 Qg7 26. Rh2 Rbh8 27. Rah1 Bh4 28.
Kg1 Bg3 29. Qf1 Bxh2+ 30. Rxh2 Rh6 31. Kg2 Qh7 32. Qh1 cxd5 33. cxd5 b6 34. Be1
g5 35. a3 Bb5 36. Bc3 Be2 37. Kf2 Rxh3 38. Rxh3 Qxh3 39. Qxh3 Rxh3 40. Kxe2 Kf6
41. Be1 Rh2+ 42. Bf2 Kf7 43. Kf1 Rh1+ 44. Bg1 Ke8 45. Kg2 Rh6 46. Bf2 Kd7 47.
Be1 e6 48. dxe6+ Kxe6 49. Bc3 Rh7 50. Kg1 a6 51. Kg2 a5 52. Kg1 Rc7 53. Kf2 b5
54. Kf1 b4 55. axb4 axb4 56. Bxb4 Rc1+ 57. Be1 Rb1 58. b4 Kd6 59. Ke2 Rb3 60.
Bd2 Kc6 61. Be1 Re3+ 62. Kf2 Kb5 63. Bd2 Rb3 64. Ke2 Kc4 65. Be1 Re3+ 66. Kf2
Rxe1 67. Kxe1 Kxb4 68. Kd2 Kc4 69. Kc2 1/2-1/2

[Event "OSEM 2019"]
[Site "Oberviechtach"]
[Date "2019.04.14"]
[Round "4.5"]
[White "Stark, Martin"]
[Black "Riedl, Maximilian"]
[Result "0-1"]
[WhiteElo "1817"]
[BlackElo "1907"]
[PlyCount "106"]
[EventDate "2019.??.??"]
[WhiteTeam "SF Luhe-Wildenau"]
[BlackTeam "SC Furth Waldmünchen"]

1. d4 d5 2. Nf3 e6 3. e3 f5 4. c4 c6 5. Bd3 Nf6 6. O-O Bd6 7. Nc3 O-O 8. Qc2
Ne4 9. Ne5 Nxc3 10. Qxc3 Nd7 11. f4 Nf6 12. b4 Ne4 13. Qb2 Rf6 14. Bxe4 dxe4
15. Bd2 Rh6 16. Be1 Bd7 17. c5 Bc7 18. a4 Be8 19. b5 Bxe5 20. fxe5 g5 21. b6 a6
22. Qc2 Bf7 23. Rc1 Qd7 24. Qe2 Rd8 25. Rd1 Qe7 26. Qc2 Bh5 27. Rd2 Rg6 28. Bg3
Rg7 29. Qb1 Bg6 30. Qe1 Bh5 31. Qb1 h6 32. Qe1 Rh7 33. a5 Rd5 34. Qf2 Qd8 35.
Ra1 Rhd7 36. Rc1 Bg6 37. Rc4 Rf7 38. Rcc2 Qf8 39. Qe2 Kh7 40. Rb2 f4 41. exf4
gxf4 42. Bh4 Rfd7 43. Rb4 Qf5 44. g4 fxg3 45. hxg3 Bh5 46. Qe3 Bf3 47. Bf6 Qh3
48. Bh4 Qh1+ 49. Kf2 Rf7 50. Bf6 Rxf6 51. exf6 Rf5 52. Qf4 Rxf4 53. gxf4 Qh4+
0-1

[Event "OSEM 2019"]
[Site "Oberviechtach"]
[Date "2019.04.14"]
[Round "4.6"]
[White "Vinogradov, Anatoli"]
[Black "Gold, Florian"]
[Result "1-0"]
[WhiteElo "1782"]
[BlackElo "1710"]
[PlyCount "128"]
[EventDate "2019.??.??"]
[WhiteTeam "DJK Amberg"]
[BlackTeam "SK Kelheim"]

1. d4 f5 2. c4 Nf6 3. Nc3 e6 4. Bg5 Be7 5. e3 b6 6. Nf3 Bb7 7. Be2 O-O 8. O-O
d6 9. Rc1 a5 10. Nd2 Nbd7 11. Bf3 c6 12. Re1 e5 13. g3 Qe8 14. Qb3 Kh8 15. Bxf6
Bxf6 16. d5 c5 17. e4 f4 18. Bg4 Bd8 19. Nb5 Qe7 20. Nf3 Bc8 21. h4 h6 22. Kg2
Nf6 23. Bxc8 Rxc8 24. Qd1 Ng4 25. Rh1 Qf6 26. Qe2 h5 27. Rc3 Qg6 28. Nh2 Nxh2
29. Rxh2 Be7 30. Na7 Rc7 31. Nc6 Bd8 32. Nxd8 Rxd8 33. Kg1 Rf7 34. Rg2 Rdf8 35.
gxf4 Qh6 36. f5 Rf6 37. Rg5 g6 38. Rcg3 Rg8 39. fxg6 Kg7 40. Qxh5 Qxh5 41. Rxh5
Rgf8 42. Rh7+ Kg8 43. g7 Kxh7 44. gxf8=Q Rxf8 45. f3 Rf4 46. Rh3 Kh6 47. h5 Rf8
48. Kh2 Rf7 49. Kg3 Rg7+ 50. Kf2 Rf7 51. Ke3 Rf4 52. Rg3 Kxh5 53. Rg7 Kh4 54.
Kf2 Rf8 55. Rd7 Rf6 56. Rb7 Rg6 57. Rxb6 Kh3 58. Rb8 Rg2+ 59. Ke3 Rc2 60. f4
exf4+ 61. Kxf4 Kg2 62. Kf5 Kf3 63. Ke6 Kxe4 64. Kxd6 Rxc4 1-0

[Event "OSEM 2019"]
[Site "Oberviechtach"]
[Date "2019.04.14"]
[Round "4.7"]
[White "Brüll, Elias"]
[Black "Pilhöfer, Lukas"]
[Result "1/2-1/2"]
[WhiteElo "1815"]
[BlackElo "1614"]
[PlyCount "42"]
[EventDate "2019.??.??"]
[WhiteTeam "SC Bavaria Regensburg von 1881"]
[BlackTeam "SC Sulzbach-Rosenberg"]

1. e4 c5 2. Nf3 Nc6 3. d4 cxd4 4. Nxd4 Nf6 5. Nc3 a6 6. f4 e6 7. e5 Nxd4 8.
Qxd4 Ng4 9. Ne4 f5 10. exf6 Nxf6 11. Nd6+ Bxd6 12. Qxd6 Ne4 13. Qd3 Qa5+ 14. c3
d5 15. Be3 Bd7 16. g3 Rc8 17. Bg2 Bb5 18. Qd4 Nf6 19. Kd2 Rc4 20. Qb6 Ne4+ 21.
Bxe4 Qxb6 1/2-1/2

[Event "OSEM 2019"]
[Site "Oberviechtach"]
[Date "2019.04.14"]
[Round "4.8"]
[White "Adlhoch, Walter"]
[Black "Sanner, Christoph"]
[Result "0-1"]
[WhiteElo "1534"]
[BlackElo "1860"]
[PlyCount "82"]
[EventDate "2019.??.??"]
[WhiteTeam "SK Schwandorf"]
[BlackTeam "SK Weiden"]

1. c4 f5 2. d4 Nf6 3. Nc3 g6 4. g3 Bg7 5. Bg2 O-O 6. Nf3 d6 7. O-O c6 8. Re1
Ne4 9. e3 e6 10. Qc2 Nxc3 11. Qxc3 Nd7 12. Rb1 g5 13. b4 g4 14. Nd2 d5 15. cxd5
cxd5 16. Qb3 Nf6 17. b5 Ne4 18. f3 gxf3 19. Bxf3 Qa5 20. Rb2 Bd7 21. Qb4 Qc7
22. Nxe4 fxe4 23. Be2 Rf6 24. Bd2 Rg6 25. Bf1 Rf8 26. b6 axb6 27. Qxb6 Rxg3+
28. hxg3 Qxg3+ 29. Bg2 Qf2+ 30. Kh1 Rf5 31. Qd8+ Bf8 32. Bh3 Rh5 33. Rg1+ Kh8
34. Rg3 e5 35. Bc3 Qf1+ 36. Kh2 Bxh3 37. Qxf8+ Qxf8 38. dxe5 Be6+ 39. Kg1 Qh6
40. Rxb7 Rh1+ 41. Kf2 Qf8+ 0-1

[Event "OSEM 2019"]
[Site "Oberviechtach"]
[Date "2019.04.14"]
[Round "4.9"]
[White "Moroz, Grigorij"]
[Black "Askri, Samir"]
[Result "1/2-1/2"]
[WhiteElo "1924"]
[BlackElo "1712"]
[PlyCount "104"]
[EventDate "2019.??.??"]
[WhiteTeam "SK Weiden"]
[BlackTeam "DJK Amberg"]

1. e4 c5 2. Nf3 d6 3. d4 cxd4 4. Nxd4 Nf6 5. Nc3 a6 6. h3 e6 7. g4 Be7 8. Bg2
Nc6 9. Be3 Qc7 10. Qd2 Bd7 11. g5 Ng8 12. Nde2 h6 13. gxh6 Nxh6 14. Nf4 g5 15.
Nfe2 Rg8 16. Rg1 f5 17. f3 f4 18. Bf2 Ne5 19. b3 g4 20. hxg4 Nhxg4 21. fxg4 f3
22. Bf1 fxe2 23. Bxe2 Rc8 24. Bd4 Bh4+ 25. Kd1 Bg5 26. Qe1 Ng6 27. Bd3 e5 28.
Nd5 Qc6 29. Be3 Nf4 30. Nxf4 exf4 31. Bd2 Bf6 32. Rb1 Bxg4+ 33. Kc1 Bd4 34.
Bxf4 Bxg1 35. Qxg1 Be6 36. Qd4 Qc5 37. Qxc5 dxc5 38. c4 Rg1+ 39. Kb2 Rxb1+ 40.
Bxb1 Kd7 41. a4 Rg8 42. Be3 Rg2+ 43. Kc3 b6 44. Bd3 Rg3 45. Bf2 Rh3 46. Bg1 Bf7
47. a5 Bg6 48. Kd2 Rg3 49. Be3 Kc6 50. axb6 Rg2+ 51. Kc3 Rg3 52. Kd2 Rg2+
1/2-1/2